<?xml version="1.0" encoding="UTF-8"?>
<marc:record xmlns:marc="http://www.loc.gov/MARC21/slim">
   <marc:leader>00000nam a2200000 a 4500</marc:leader>
   <marc:datafield ind1="1" ind2=" " tag="100">
      <marc:subfield code="a">Schätzing, Frank</marc:subfield>
      <marc:subfield code="4">aut</marc:subfield>
      <marc:subfield code="e">Verfasser/-in</marc:subfield>
   </marc:datafield>
   <marc:datafield ind1="0" ind2="0" tag="245">
      <marc:subfield code="a">Breaking News</marc:subfield>
   </marc:datafield>
   <marc:datafield ind1="0" ind2="0" tag="245">
      <marc:subfield code="b">Roman</marc:subfield>
   </marc:datafield>
   <marc:datafield ind1="0" ind2="0" tag="245">
      <marc:subfield code="c">Frank Schätzing</marc:subfield>
   </marc:datafield>
   <marc:datafield ind1=" " ind2="1" tag="264">
      <marc:subfield code="a">o.O.</marc:subfield>
      <marc:subfield code="b">RM Buch und Medien Vertrieb</marc:subfield>
      <marc:subfield code="c">2014</marc:subfield>
   </marc:datafield>
   <marc:datafield ind1=" " ind2=" " tag="250">
      <marc:subfield code="a">ungekürzte Lizenzausg.</marc:subfield>
   </marc:datafield>
   <marc:datafield ind1="1" ind2=" " tag="520">
      <marc:subfield code="a">Wo immer die Welt brennt - Starreporter Tom Hagen ist an vorderster Front dabei, zu jedem Risiko bereit. Bis er in Afghanistan den Bogen überspannt. In einer einzigen mörderischen Nacht verliert er alles, Renommee, Geld, Zukunft. Drei Jahre später bietet sich in Israel die Gelegenheit zum Comeback. Doch was ein journalistischer Coup zu werden verspricht, entwickelt sich unversehens zu einer Hetzjagd durch die explosivste Region der Welt. Auf der Flucht vor Geheimagenten und Killern kämpft Hagen ums nackte Überleben - gegen eine Verschwörung, deren Anfänge ins koloniale Palästina zurückreichen, in eine von Mythen durchzogene Epoche, als die Saat für den Nahostkonflikt gelegt wurde ... (Verlagstext)</marc:subfield>
   </marc:datafield>
   <marc:datafield ind1=" " ind2=" " tag="300">
      <marc:subfield code="a">964 S.</marc:subfield>
   </marc:datafield>
</marc:record>
